| 000 | 01500nam a22002177a 4500 | ||
|---|---|---|---|
| 999 |
_c58049 _d58049 |
||
| 003 | Ge_BSU | ||
| 005 | 20210527134910.0 | ||
| 008 | 210527s2020 ge ||||| |||| 00| 0 geo d | ||
| 041 | _ageo | ||
| 080 | _a338 შ-51 | ||
| 100 |
_aშერვაშიძე, სალომე _911902 |
||
| 245 |
_aგასაღების სფეროში არსებული ტენდენციები და პერსპექტივები საქართველოში / _cსალომე შერვაშიძე; სამეცნიერო ხელმძღვანელი გელა მამულაძე; ბათუმის შოთა რუსთაველის სახელმწიფოფო უნივერსიტეტი . |
||
| 264 |
_aბათუმი, _c2020. |
||
| 300 |
_a210 გვ. _b30 სმ. |
||
| 504 | _aბიბლიოგრ. გვ. 200-210 | ||
| 653 | _aგასაღების სფეროში არსებული ტენდენციები და პერსპექტივები საქართველოში | ||
| 653 | _aეკონომიკა | ||
| 700 |
_aმამულაძე, გელა _eსამეცნიერო ხელმძღვანელი _911903 |
||
| 710 |
_aბათუმის შოთა რუსთაველის სახელმწიფოფო უნივერსიტეტი _911904 |
||
| 942 |
_2udc _cBK |
||